000 00439nam a2200181Ia 4500
001 10716
005 20260306161852.0
008 260306t1995||||xx |||||||||||||| ||spa||
041 _aESP
082 _a946.083
_bR81
100 _aRomero, Emilio
_eAUT
245 0 _aAsí está España:
_bcuando acaba el siglo XX
260 _c1995
300 _a237 páginas :
_c21 cm.
650 _aGEN
654 _aCHU
942 _cLIB
_dJUS
_fJUS
_2ddc
_n
999 _c10716
_d10716